Name fifteen fruits - Statistics

General Stats
  • This quiz has been taken 28 times
  • The average score is 8 of 15
Answer Stats
Hint Answer % Correct
Give to a teacher apple
100%
Seeds on the outside strawberry
93%
Named after a color orange
85%
Common dried or fermented grape
78%
Big long berry banana
74%
Thanksgiving sauce cranberry
70%
President Washington and a tree cherry
59%
Common in vegetable gardens tomato
52%
Easy to find in the wild blueberry
44%
Used often in cooking lemon
37%
Small worms sometimes found inside raspberry
26%
Sour and matches with crackers lime
22%
Staple of 4th of July watermelon
19%
Butter on toast substitute avacado
4%
Stereotypical mother's breakfast grapefruit
4%
No matching quizzes found
Score Distribution
Percent of People with Each Score
Percentile by Number Answered
Your Score History
You have not taken this quiz